Statistics for GOAT's of Sport (Picture Version)

Click here to take the quiz!

General Stats

  • This quiz has been taken 36 times
  • The average score is 10 of 21

Answer Stats

Answer% Correct
Muhammad Ali
97%
Serena Williams
97%
Pele
94%
Michael Jordan
91%
Michael Phelps
82%
Tom Brady
82%
Babe Ruth
71%
Wayne Gretzky
71%
Jack Nicklaus
53%
Simone Biles
47%
Carl Lewis
44%
Don Bradman
29%
Eddy Merckx
21%
Jonah Lomu
21%
Georges St. Pierre
15%
Jimmie Johnson
15%
Karch Kiraly
9%
Lin Dan
6%
Dhyan Chand
3%
Petter Northug
3%
Elisabeta Lipă
0%

Score Distribution

Percentile by Number Answered

Percent of People with Each Score

Your Score History

You have not taken this quiz